000 01777cam a22004454i 4500
003 PE-LiUPU
005 20250731173217.0
008 1993 s1993 xx a rb 000 0 eng d
020 _a0826701663
035 _aPE-LiUPU38612
040 _aPE-LiUPU
_beng
_cPE-LiUPU
_erda
082 0 4 _a227.707
_bB824h
_220
100 1 _aBratcher, Robert G.,
_eautor.
_95954
245 1 2 _aA handbook on Paul's letters to the Colossians and to Philemon /
_cpor Robert G. Bratcher and Eugene A. Nida.
264 1 _aNew York :
_bUnited Bible Societies,
_c1993.
300 _a149 páginas ;
_c22 cm
336 _atext
_2rdacontent
337 _aunmediated
_2rdamedia
338 _avolume
_2rdacarrier
490 0 _aUBS Handbook Series
504 _aIncluye referencias bibliográficas e índice.
505 0 _aAbbreviations used in this volume -- Translating Colossians -- Salutation 1.1-2 -- Expository Section 1.3--2.23 -- Hortatory Section 3.1--4.1 -- Final Admonitions 4.2-6 -- Closing Messages and Greetings 4.7-18 -- Translating Philemon -- Salutation 1-3 -- Philemon's Love and Faith 4-7 -- A Request on Behalf of Onesimus 8-22 -- Final Greetings and Benediction 23-25 -- Notes -- Bibliography -- Glossary -- Index.
526 _aSEG42
526 _aSEG41
526 _aSEG40
526 _aSEG39
526 _aP94
526 _aP87
526 _aP86
526 _aP85
526 _aP77
526 _aP76
526 _aP35
630 1 4 _aBiblia.
_pColosenses
_xCritica, interpretación, etc.
_95979
630 1 4 _aBiblia.
_pFilipenses
_xCrítica, interpretación, etc.
_91656
700 _aNida, Eugene A.,
_eautor.
_95960
942 _2ddc
_cBK
980 _81
_gALBERTO SANCHEZ Responsable de Automatización
999 _c40857
_d40857